[Event "EU Small Countries ol 6th"]
[Site "San Marino"]
[Date "2019.03.26"]
[Round "4.4"]
[White "Darmanin, Jake"]
[Black "Grassi, Enrico"]
[Result "1-0"]
[WhiteElo "2049"]
[BlackElo "1939"]
[PlyCount "67"]
[EventDate "2019.03.24"]
[EventType "team-tourn"]
[EventRounds "9"]
[EventCountry "SMR"]
[SourceTitle "CBM 189 Extra"]
[Source "ChessBase"]
[SourceDate "2019.06.03"]
[SourceVersion "1"]
[SourceVersionDate "2019.06.03"]
[SourceQuality "1"]
[WhiteTeam "Malta"]
[BlackTeam "San Marino"]
[WhiteTeamCountry "MLT"]
[BlackTeamCountry "SMR"]

1. e4 d5 2. exd5 Qxd5 3. Nc3 Qa5 4. Bc4 Nf6 5. d4 c6 6. Bd2 Bf5 7. Qe2 e6 8. d5 cxd5 9. Nxd5 Qd8 10. Nxf6+ Qxf6 11. 0-0-0 Nc6 12. Bc3 Qg5+ 13. Kb1 Qxg2 14. Nf3 Bg4 15. Bd5 Be7 16. Be4 Bf6 17. Rhg1 Bxf3 18. Bxf3 Qxh2 19. Qb5 Qc7 20. Ba5 Qc8 21. Bb4 a6 22. Qa4 b5 23. Qa3 Ra7 24. Bc5 Rd7 25. Rxd7 Kxd7 26. Rd1+ Ke8 27. Rd6 Nb8 28. Rb6 Nd7 29. Rc6 Qb8 30. Bd6 Qa7 31. Rxa6 Qxf2 32. Ra8+ Bd8 33. Rxd8+ Kxd8 34. Qa8+ 1-0

[Event "EU Small Countries ol 6th"]
[Site "San Marino"]
[Date "2019.03.25"]
[Round "2.5"]
[White "Grassi, Enrico"]
[Black "Constantinou, Pavlos"]
[Result "0-1"]
[WhiteElo "1939"]
[BlackElo "2093"]
[PlyCount "76"]
[EventDate "2019.03.24"]
[EventType "team-tourn"]
[EventRounds "9"]
[EventCountry "SMR"]
[SourceTitle "CBM 189 Extra"]
[Source "ChessBase"]
[SourceDate "2019.06.03"]
[SourceVersion "1"]
[SourceVersionDate "2019.06.03"]
[SourceQuality "1"]
[WhiteTeam "San Marino"]
[BlackTeam "Cyprus"]
[WhiteTeamCountry "SMR"]
[BlackTeamCountry "CYP"]

1. e4 c5 2. d4 cxd4 3. c3 Nf6 4. e5 Nd5 5. cxd4 d6 6. Nf3 Nc6 7. Bc4 e6 8. Nc3 Nxc3 9. bxc3 dxe5 10. 0-0 exd4 11. cxd4 Be7 12. d5 exd5 13. Bxd5 0-0 14. Rb1 Qa5 15. Qb3 Nb4 16. Bd2 Qxd5 17. Bxb4 Qxb3 18. Rxb3 Bxb4 19. Rxb4 b6 20. a4 Be6 21. Nd4 Rfd8 22. Nxe6 fxe6 23. Re1 Rd6 24. Rbe4 Rc8 25. f4 Kf7 26. f5 exf5 27. Re7+ Kf6 28. Rxa7 Rc2 29. g4 fxg4 30. Rf1+ Kg6 31. Re7 Rdd2 32. Re6+ Kg5 33. Rfe1 Rg2+ 34. Kh1 Rxh2+ 35. Kg1 Rcg2+ 36. Kf1 Kh4 37. Rxb6 Kh3 38. Re3+ g3 0-1

[Event "Olympiad-43"]
[Site "Batumi"]
[Date "2018.10.04"]
[Round "10.3"]
[White "Mohamed, Faisal"]
[Black "Grassi, Enrico"]
[Result "1-0"]
[WhiteElo "2127"]
[BlackElo "1965"]
[PlyCount "139"]
[EventDate "2018.09.24"]
[EventType "team-swiss"]
[EventRounds "11"]
[EventCountry "GEO"]
[SourceTitle "CBM 187"]
[Source "ChessBase"]
[SourceDate "2018.12.11"]
[SourceVersion "1"]
[SourceVersionDate "2018.12.11"]
[SourceQuality "1"]
[WhiteTeam "Sudan"]
[BlackTeam "San Marino"]
[WhiteTeamCountry "SUD"]
[BlackTeamCountry "SMR"]

1. Nf3 Nf6 2. c4 g6 3. Nc3 Bg7 4. e4 d6 5. d4 0-0 6. Be2 e5 7. d5 Nbd7 8. 0-0 Nc5 9. Qc2 a5 10. Be3 b6 11. Rab1 Ng4 12. Bg5 f6 13. Bh4 g5 14. Bg3 f5 15. h3 Nh6 16. Ne1 f4 17. Bh2 g4 18. hxg4 Nxg4 19. Bxg4 Bxg4 20. f3 Bd7 21. Qf2 Kh8 22. Ne2 Bh6 23. Rd1 Qe7 24. Kh1 Rf7 25. Rg1 Rg8 26. Nd3 Nxd3 27. Rxd3 Rfg7 28. Rdd1 Qf7 29. g4 fxg3 30. Rxg3 Rxg3 31. Bxg3 Qh5+ 32. Bh2 Rf8 33. Rd3 Bg5 34. Kg1 Bh4 35. Bg3 Qg5 36. Kf1 Bxg3 37. Qxg3 Qh5 38. Ke1 Rg8 39. Qf2 Qh1+ 40. Qf1 Qh4+ 41. Kd2 Rf8 42. Qg1 Rg8 43. Qe1 Qh2 44. Kc3 Rg2 45. Re3 Be8 46. Kd3 Bh5 47. c5 Be8 48. c6 Bh5 49. Kc4 Bxf3 50. Rxf3 Rxe2 51. Qf1 Rxe4+ 52. Kb5 Rf4 53. Ka6 Rxf3 54. Qxf3 Qf4 55. Qh3 Qf7 56. Kb7 Kg7 57. Qd7 Kf6 58. Kxc7 e4 59. Kxd6 e3 60. Qxf7+ Kxf7 61. c7 e2 62. c8Q e1Q 63. Qc7+ Kf6 64. Qxb6 Qe7+ 65. Kc6 Qe8+ 66. Kc7+ Kf5 67. d6 Qe5 68. a4 h5 69. Qb5 h4 70. Qxe5+ 1-0

[Event "Olympiad-43"]
[Site "Batumi"]
[Date "2018.09.26"]
[Round "3.90"]
[White "Grassi, Enrico"]
[Black "Islam, Sh Nour Kassim"]
[Result "1-0"]
[WhiteElo "1965"]
[BlackElo "1995"]
[PlyCount "113"]
[EventDate "2018.09.24"]
[EventType "team-swiss"]
[EventRounds "11"]
[EventCountry "GEO"]
[SourceTitle "CBM 187"]
[Source "ChessBase"]
[SourceDate "2018.12.11"]
[SourceVersion "1"]
[SourceVersionDate "2018.12.11"]
[SourceQuality "1"]
[WhiteTeam "San Marino"]
[BlackTeam "Somalia"]
[WhiteTeamCountry "SMR"]
[BlackTeamCountry "SOM"]

1. e4 e5 2. Nf3 Nf6 3. Nxe5 d6 4. Nf3 Nxe4 5. d4 d5 6. Bd3 Be7 7. 0-0 0-0 8. Re1 Nf6 9. h3 Nbd7 10. Bf4 Re8 11. Nbd2 b6 12. Bb5 Bb7 13. Ne5 a6 14. Nc6 Bxc6 15. Bxc6 Rb8 16. Nf3 Bb4 17. Rxe8+ Nxe8 18. Bxd5 Ndf6 19. Bb3 Nd5 20. Bg3 Nef6 21. Ne5 Qe8 22. c3 Bd6 23. Qd3 b5 24. Re1 a5 25. Kf1 a4 26. Bc2 Qc8 27. Nc6 Rb6 28. Bxd6 cxd6 29. Ne7+ Nxe7 30. Rxe7 d5 31. Re1 g6 32. a3 Ne4 33. f3 Nf6 34. Qe2 Qc7 35. Bd3 Qg3 36. Qe5 Qh4 37. Qc7 Re6 38. Qd8+ Kg7 39. Rxe6 fxe6 40. Qe7+ Kh6 41. Qxe6 Qf4 42. Kf2 Ne4+ 43. Bxe4 Qd2+ 44. Kg3 dxe4 45. Qxe4 Qxb2 46. Qe3+ Kg7 47. Qe7+ Kh6 48. Qc5 Qe2 49. Qe5 Qc4 50. d5 g5 51. d6 Qc6 52. h4 gxh4+ 53. Kxh4 Qc4+ 54. g4 Kg6 55. Qe4+ Kf6 56. Qxc4 bxc4 57. Kh5 1-0

[Event "Olympiad-42"]
[Site "Baku"]
[Date "2016.09.09"]
[Round "7.2"]
[White "Mwanyika, Geoffrey"]
[Black "Grassi, Enrico"]
[Result "1/2-1/2"]
[WhiteElo "1850"]
[BlackElo "2049"]
[PlyCount "61"]
[EventDate "2016.09.02"]
[EventType "team-swiss"]
[EventRounds "11"]
[EventCountry "AZE"]
[SourceTitle "CBM 175"]
[Source "ChessBase"]
[SourceDate "2016.11.10"]
[SourceVersion "1"]
[SourceVersionDate "2016.11.10"]
[SourceQuality "1"]
[WhiteTeam "Tanzania"]
[BlackTeam "San Marino"]
[WhiteTeamCountry "TAN"]
[BlackTeamCountry "SMR"]

1. f4 c5 2. Nf3 g6 3. e3 Bg7 4. Be2 e6 5. 0-0 Ne7 6. c3 0-0 7. d4 cxd4 8. exd4 d5 9. g4 Nbc6 10. h4 f5 11. g5 Bd7 12. Kg2 Nc8 13. Rh1 Nd6 14. Ne5 Ne7 15. h5 Bxe5 16. dxe5 Ne4 17. hxg6 hxg6 18. Qe1 Kg7 19. Be3 Rh8 20. Nd2 b6 21. Nf3 Qc7 22. Nd4 a6 23. Rh6 Rxh6 24. gxh6+ Kh7 25. Qh4 Ng8 26. Nf3 Be8 27. Rh1 Qe7 28. Ng5+ Nxg5 29. fxg5 Qc7 30. Qd4 Ne7 31. Qb4 1/2-1/2

[Event "EU Small Countries ol 4th"]
[Site "Saint Peter Port"]
[Date "2015.04.25"]
[Round "9.4"]
[White "Garcia Paolicchi, Raul"]
[Black "Grassi, Enrico"]
[Result "1-0"]
[WhiteElo "2146"]
[BlackElo "2038"]
[PlyCount "101"]
[EventDate "2015.04.19"]
[EventType "team-tourn"]
[EventRounds "9"]
[EventCountry "GCI"]
[SourceTitle "CBM 166 Extra"]
[Source "ChessBase"]
[SourceDate "2015.06.18"]
[SourceVersion "1"]
[SourceVersionDate "2015.06.18"]
[SourceQuality "1"]
[WhiteTeam "Andorra"]
[BlackTeam "San Marino"]
[WhiteTeamCountry "AND"]
[BlackTeamCountry "SMR"]

1. d4 d6 2. c4 e5 3. d5 f5 4. e4 Nf6 5. Nc3 Be7 6. exf5 Bxf5 7. Nge2 0-0 8. Ng3 Bd7 9. Be2 a5 10. 0-0 Na6 11. Be3 b6 12. Rc1 Nc5 13. b3 Qc8 14. f3 Ne8 15. Qd2 g6 16. Nge4 Qd8 17. Bd1 Ng7 18. Bh6 Rf7 19. g4 Ne8 20. Be3 Nf6 21. Ng3 Kh8 22. Bc2 Qg8 23. Kg2 h5 24. h3 h4 25. Nge2 Nh7 26. f4 Raf8 27. a3 Nf6 28. Rf2 Bxg4 29. hxg4 Nxg4 30. Rff1 h3+ 31. Kh1 g5 32. f5 Nxe3 33. Qxe3 g4 34. Qg3 Bf6 35. Ne4 Nxe4 36. Bxe4 Rg7 37. Rcd1 Qh7 38. Rd3 Qh6 39. Rg1 Kg8 40. Qe1 Kf7 41. Qd1 Ke7 42. Ng3 Kd7 43. b4 axb4 44. Qa4+ Ke7 45. Qc6 Kd8 46. axb4 Bh4 47. Ra3 Bxg3 48. Ra8+ Ke7 49. Qxc7+ Kf6 50. Qxd6+ Kg5 51. Qxh6+ 1-0

[Event "Olympiad-41"]
[Site "Tromsoe"]
[Date "2014.08.05"]
[Round "4.4"]
[White "Grassi, Enrico"]
[Black "Lemon, Eliman"]
[Result "1-0"]
[WhiteElo "2020"]
[BlackElo "1884"]
[PlyCount "31"]
[EventDate "2014.08.02"]
[EventType "team-swiss"]
[EventRounds "11"]
[EventCountry "NOR"]
[SourceTitle "CBM 162"]
[Source "ChessBase"]
[SourceDate "2014.09.17"]
[SourceVersion "1"]
[SourceVersionDate "2014.09.17"]
[SourceQuality "1"]
[WhiteTeam "San Marino"]
[BlackTeam "Gambia"]
[WhiteTeamCountry "SMR"]
[BlackTeamCountry "GAM"]

1. e4 c5 2. d4 e6 3. Nf3 Nf6 4. e5 Nd5 5. c4 Ne7 6. d5 exd5 7. cxd5 d6 8. Bb5+ Bd7 9. Bxd7+ Qxd7 10. Nc3 Ng6 11. 0-0 Be7 12. exd6 Qxd6 13. Ne4 Qb6 14. d6 Bf8 15. Re1 Nd7 16. Nf6+ 1-0

[Event "Olympiad-39"]
[Site "Khanty-Mansiysk"]
[Date "2010.09.29"]
[Round "8.1"]
[White "Grassi, Enrico"]
[Black "Mungroo, Franklin"]
[Result "0-1"]
[WhiteElo "2053"]
[BlackElo "2156"]
[PlyCount "80"]
[EventDate "2010.09.21"]
[EventType "team-swiss"]
[EventRounds "11"]
[EventCountry "RUS"]
[SourceTitle "CBM 139"]
[Source "ChessBase"]
[SourceDate "2010.11.18"]
[SourceVersion "1"]
[SourceVersionDate "2010.11.18"]
[SourceQuality "1"]
[WhiteTeam "San Marino"]
[BlackTeam "Surinam"]
[WhiteTeamCountry "SMR"]
[BlackTeamCountry "SUR"]

1. e4 e5 2. Nf3 d6 3. d4 Nd7 4. Bc4 c6 5. a4 Be7 6. 0-0 Ngf6 7. Qe2 0-0 8. Rd1 Qc7 9. Nc3 b6 10. Bg5 h6 11. Bh4 Re8 12. Bb3 Nf8 13. Qc4 Bd8 14. dxe5 dxe5 15. Bxf6 gxf6 16. Qd3 Ng6 17. Qe3 Kh7 18. Rd2 Kg7 19. Rad1 Be7 20. Ne2 Bc5 21. Qd3 a5 22. c3 Ba6 23. Qc2 Rad8 24. Ng3 Bc8 25. Nh5+ Kf8 26. Nxf6 Be7 27. Nxe8 Rxe8 28. Qd3 Nf4 29. Qb1 Bg4 30. Qa2 Bc5 31. Bc4 Qe7 32. Be2 Qf6 33. Kf1 Be6 34. b3 Ke7 35. Qb2 b5 36. axb5 cxb5 37. Bxb5 Nxg2 38. Rd7+ Kf8 39. Kxg2 Bh3+ 40. Kg1 Qg6+ 0-1

[Event "Olympiad-39"]
[Site "Khanty-Mansiysk"]
[Date "2010.09.27"]
[Round "6.1"]
[White "Grassi, Enrico"]
[Black "Mok, Tze Meng"]
[Result "0-1"]
[WhiteElo "2053"]
[BlackElo "2416"]
[PlyCount "108"]
[EventDate "2010.09.21"]
[EventType "team-swiss"]
[EventRounds "11"]
[EventCountry "RUS"]
[SourceTitle "CBM 139"]
[Source "ChessBase"]
[SourceDate "2010.11.18"]
[SourceVersion "1"]
[SourceVersionDate "2010.11.18"]
[SourceQuality "1"]
[WhiteTeam "San Marino"]
[BlackTeam "Malaysia"]
[WhiteTeamCountry "SMR"]
[BlackTeamCountry "MAS"]

1. e4 g6 2. d4 c6 3. Nc3 d5 4. Nf3 Bg7 5. exd5 cxd5 6. Bb5+ Nc6 7. 0-0 Nf6 8. Ne5 Bd7 9. Bg5 0-0 10. Bxf6 exf6 11. Nxd7 Qxd7 12. Qf3 Rfd8 13. Ne2 f5 14. c3 Bh6 15. Nf4 Bxf4 16. Qxf4 Re8 17. Rfe1 Re4 18. Qd2 Rae8 19. f3 R4e6 20. Kf2 Qd6 21. g3 Kg7 22. Rxe6 Rxe6 23. Re1 Nd8 24. Ba4 h5 25. Bb3 Nc6 26. Ba4 Na5 27. Bb5 a6 28. Bd3 Nc6 29. Bc2 Ne7 30. Bb3 h4 31. f4 Ng8 32. Re5 Nf6 33. Kg2 hxg3 34. hxg3 Ng4 35. Re2 Qd8 36. Qe1 Qh8 37. Bxd5 Qh2+ 38. Kf3 Rxe2 39. Qxe2 Qh1+ 40. Qg2 Qd1+ 41. Qe2 Qh1+ 42. Qg2 Qxg2+ 43. Kxg2 Ne3+ 44. Kf3 Nxd5 45. c4 Nf6 46. d5 Kf8 47. Ke3 Ke7 48. Kd4 Nh5 49. Kc5 Nxg3 50. Kb6 Ne4 51. b4 g5 52. fxg5 f4 53. c5 f3 54. Kxb7 f2 0-1

[Event "Olympiad-39"]
[Site "Khanty-Mansiysk"]
[Date "2010.09.24"]
[Round "4.1"]
[White "Marcos, Joselito"]
[Black "Grassi, Enrico"]
[Result "1/2-1/2"]
[WhiteElo "2115"]
[BlackElo "2053"]
[PlyCount "93"]
[EventDate "2010.09.21"]
[EventType "team-swiss"]
[EventRounds "11"]
[EventCountry "RUS"]
[SourceTitle "CBM 139"]
[Source "ChessBase"]
[SourceDate "2010.11.18"]
[SourceVersion "1"]
[SourceVersionDate "2010.11.18"]
[SourceQuality "1"]
[WhiteTeam "Papua New Guinea"]
[BlackTeam "San Marino"]
[WhiteTeamCountry "PNG"]
[BlackTeamCountry "SMR"]

1. Nf3 Nf6 2. d4 g6 3. Nc3 d6 4. Bg5 Bg7 5. Qd2 c6 6. e4 Bg4 7. Be2 a6 8. h3 Bxf3 9. Bxf3 Qc7 10. 0-0 Nbd7 11. Rfe1 e5 12. Rad1 0-0 13. Ne2 Rfe8 14. c3 exd4 15. Nxd4 Nc5 16. Qc2 h6 17. Bh4 Rad8 18. Rd2 d5 19. Bg3 Qc8 20. e5 Nfe4 21. Bg4 Qa8 22. Bf4 Nxd2 23. Qxd2 Kh7 24. h4 Ne6 25. Nxe6 fxe6 26. h5 g5 27. Qd3+ Kh8 28. Bd1 gxf4 29. Bc2 Kg8 30. Qh7+ Kf8 31. g3 Re7 32. gxf4 Ke8 33. f5 Kd7 34. Qg6 exf5 35. Qd6+ Ke8 36. Qg6+ Kf8 37. Kh1 Qa7 38. Re3 b5 39. Bxf5 Rxe5 40. Rf3 Rxf5 41. Rxf5+ Kg8 42. Qe6+ Kh8 43. Rf7 Qa8 44. Rxg7 Kxg7 45. Qg6+ Kf8 46. Qf6+ Ke8 47. Qe6+ 1/2-1/2

[Event "EU Small Countries ol"]
[Site "Andorra"]
[Date "2009.06.22"]
[Round "2"]
[White "Van Hoolandt, Patrick"]
[Black "Grassi, Enrico"]
[Result "1/2-1/2"]
[WhiteElo "2224"]
[BlackElo "2049"]
[PlyCount "81"]
[EventDate "2009.06.21"]
[EventType "team"]
[EventRounds "9"]
[EventCountry "AND"]
[SourceTitle "CBM 130 Extra"]
[Source "ChessBase"]
[SourceDate "2009.07.02"]
[SourceVersion "2"]
[SourceVersionDate "2009.07.15"]
[SourceQuality "1"]

1. d4 Nf6 2. c4 g6 3. Nc3 d5 4. cxd5 Nxd5 5. Bd2 Bg7 6. e4 Nxc3 7. Bxc3 0-0 8. Rc1 Nd7 9. Bc4 c5 10. Ne2 cxd4 11. Nxd4 Ne5 12. Be2 Bd7 13. 0-0 Qb6 14. Qd2 Nc6 15. Nb3 Bxc3 16. Qxc3 Nb4 17. Qc5 Be6 18. Nd4 Qxc5 19. Rxc5 Bxa2 20. Rc7 Rfd8 21. Nf3 Kf8 22. Rxb7 Rdb8 23. Rc7 Rc8 24. Rfc1 Rxc7 25. Rxc7 Bb1 26. Nd2 Bd3 27. Kf1 Ke8 28. f3 Kd8 29. Rc5 Rc8 30. Rxc8+ Kxc8 31. Nc4 f6 32. g3 Kc7 33. Bxd3 Nxd3 34. Ke2 Nb4 35. Kd2 Kc6 36. Kc3 Na2+ 37. Kb3 Nc1+ 38. Kc2 Kc5 39. Ne3 Kd4 40. Nd5 Nd3 41. Nxe7 1/2-1/2

[Event "Olympiad-38"]
[Site "Dresden"]
[Date "2008.11.25"]
[Round "11"]
[White "Domingos, Ediberto"]
[Black "Grassi, Enrico"]
[Result "1-0"]
[WhiteElo "2198"]
[BlackElo "2063"]
[PlyCount "105"]
[EventDate "2008.11.13"]
[EventType "team-swiss"]
[EventRounds "11"]
[EventCountry "GER"]
[SourceTitle "CBM 128"]
[Source "ChessBase"]
[SourceDate "2009.01.28"]
[SourceVersion "1"]
[SourceVersionDate "2009.01.28"]
[SourceQuality "1"]
[WhiteTeam "Angola"]
[BlackTeam "San Marino"]
[WhiteTeamCountry "ANG"]
[BlackTeamCountry "SMR"]

1. d4 Nf6 2. Nf3 g6 3. g3 Bg7 4. Bg2 c6 5. 0-0 0-0 6. c4 d6 7. Nc3 Qc7 8. e4 e5 9. d5 c5 10. h3 a6 11. a4 b6 12. Be3 h6 13. Qd2 Kh7 14. g4 Nxe4 15. Nxe4 f5 16. Qc2 fxe4 17. Nd2 g5 18. Nxe4 Kh8 19. Ng3 Nd7 20. Be4 Nf6 21. Bf5 Bd7 22. Kg2 b5 23. axb5 axb5 24. b3 bxc4 25. bxc4 Rfb8 26. Bxd7 Nxd7 27. Nf5 Bf8 28. h4 Nf6 29. f3 gxh4 30. Bxh6 Bxh6 31. Nxh6 Rxa1 32. Rxa1 e4 33. Nf5 exf3+ 34. Kxf3 Qb6 35. g5 Nd7 36. Kg4 Ne5+ 37. Kxh4 Qb2 38. Qxb2 Rxb2 39. Nxd6 Rh2+ 40. Kg3 Rc2 41. Ra4 Kg7 42. Kf4 Ng6+ 43. Ke4 Re2+ 44. Kf3 Rc2 45. Ra7+ Kf8 46. Ke4 Rf2 47. Rc7 Rf4+ 48. Ke3 Rg4 49. Ne4 Rh4 50. Nxc5 Ne7 51. Ne6+ Ke8 52. Kf3 Nf5 53. g6 1-0

[Event "Olympiad-38"]
[Site "Dresden"]
[Date "2008.11.15"]
[Round "3"]
[White "Jorczik, Julian Marcel"]
[Black "Grassi, Enrico"]
[Result "1-0"]
[WhiteElo "2382"]
[BlackElo "2063"]
[PlyCount "89"]
[EventDate "2008.11.13"]
[EventType "team-swiss"]
[EventRounds "11"]
[EventCountry "GER"]
[SourceTitle "CBM 128"]
[Source "ChessBase"]
[SourceDate "2009.01.28"]
[SourceVersion "1"]
[SourceVersionDate "2009.01.28"]
[SourceQuality "1"]
[WhiteTeam "Germany III"]
[BlackTeam "San Marino"]
[WhiteTeamCountry "GER"]
[BlackTeamCountry "SMR"]

1. d4 Nf6 2. c4 g6 3. Nc3 Bg7 4. e4 d6 5. Be2 0-0 6. Bg5 h6 7. Be3 e5 8. d5 Na6 9. Qd2 Kh7 10. f3 Nh5 11. Bd1 f5 12. Nge2 f4 13. Bf2 Nc5 14. b4 Nd7 15. Nc1 a5 16. bxa5 Rxa5 17. Nb3 Ra8 18. c5 Ndf6 19. cxd6 cxd6 20. Nb5 Rf7 21. a4 Bf8 22. a5 Ne8 23. Bb6 Qh4+ 24. Qf2 Qxf2+ 25. Kxf2 Bd7 26. Be2 Bxb5 27. Bxb5 Nc7 28. Bd3 Nf6 29. Ke2 Na6 30. Nd2 Nd7 31. Bf2 Ndc5 32. Bb5 Nc7 33. Rhb1 N7a6 34. Bxa6 Nxa6 35. Rb5 Rc8 36. Rab1 Rcc7 37. Kd3 Nc5+ 38. Bxc5 dxc5 39. Nc4 Bg7 40. Nd6 Rfe7 41. Nxb7 c4+ 42. Kc3 Red7 43. a6 Rc8 44. Rc5 Ra8 45. Rc6 1-0

[Event "Olympiad-37"]
[Site "Turin"]
[Date "2006.05.22"]
[Round "2"]
[White "Kassis, Antoine"]
[Black "Grassi, Enrico"]
[Result "1/2-1/2"]
[WhiteElo "2195"]
[BlackElo "2065"]
[PlyCount "73"]
[EventDate "2006.05.21"]
[EventType "team-swiss"]
[EventRounds "13"]
[EventCountry "ITA"]
[SourceTitle "CBM 113"]
[Source "ChessBase"]
[SourceDate "2006.07.31"]
[SourceVersion "1"]
[SourceVersionDate "2006.07.31"]
[SourceQuality "1"]
[WhiteTeam "Lebanon"]
[BlackTeam "San Marino"]
[WhiteTeamCountry "LBN"]
[BlackTeamCountry "SMR"]

1. e4 d5 2. exd5 Qxd5 3. Nc3 Qa5 4. d4 Nf6 5. Bc4 Bf5 6. Nge2 e6 7. 0-0 Bb4 8. Bd2 c6 9. Ng3 Bg6 10. a3 Bxc3 11. Bxc3 Qc7 12. f4 0-0 13. f5 exf5 14. Nxf5 Ne4 15. Qf3 Nxc3 16. Qxc3 Bxf5 17. Rxf5 Nd7 18. Raf1 Nf6 19. Qf3 Qd6 20. c3 Rad8 21. Qh3 Nd5 22. Bxd5 cxd5 23. Qf3 f6 24. h4 Rfe8 25. h5 h6 26. Qg4 Re6 27. c4 dxc4 28. R5f4 Kh8 29. Qg6 Qe7 30. Qc2 b5 31. Qf5 a6 32. a4 Qd7 33. axb5 axb5 34. Ra1 Rd6 35. Qxd7 R6xd7 36. Rd1 Rd5 37. g4 1/2-1/2

[Event "Olympiad-36"]
[Site "Mallorca"]
[Date "2004.10.27"]
[Round "12"]
[White "Corbin, Philip"]
[Black "Grassi, Enrico"]
[Result "1-0"]
[WhiteElo "2242"]
[BlackElo "2104"]
[PlyCount "59"]
[EventDate "2004.10.15"]
[EventType "team-swiss"]
[EventRounds "14"]
[EventCountry "ESP"]
[SourceTitle "CBM 104"]
[Source "ChessBase"]
[SourceDate "2005.01.27"]
[SourceVersion "1"]
[SourceVersionDate "2005.01.27"]
[SourceQuality "1"]
[WhiteTeam "Barbados"]
[BlackTeam "San Marino"]
[WhiteTeamCountry "BAR"]
[BlackTeamCountry "SMR"]

1. e4 d5 2. exd5 Qxd5 3. Nc3 Qa5 4. d4 Nf6 5. Nf3 Bf5 6. Bd2 e6 7. Bc4 Bb4 8. Qe2 c6 9. Ne5 Nbd7 10. 0-0-0 0-0-0 11. Nxf7 Nd5 12. Nxd5 exd5 13. Bb3 Rde8 14. Nd6+ Bxd6 15. Qxe8+ Rxe8 16. Bxa5 Nf6 17. Rhe1 Kd7 18. Rxe8 Kxe8 19. Re1+ Kf7 20. h3 Bg6 21. c4 b6 22. Bd2 Bd3 23. cxd5 cxd5 24. g4 Bc4 25. Kc2 Ne4 26. Bxc4 Nxd2 27. Bxd5+ Kf8 28. Rd1 Bf4 29. Rxd2 Bxd2 30. Kxd2 1-0

[Event "Olympiad-36"]
[Site "Mallorca"]
[Date "2004.10.24"]
[Round "9"]
[White "Marcelle, Joffrey"]
[Black "Grassi, Enrico"]
[Result "1-0"]
[WhiteElo "1990"]
[BlackElo "2104"]
[PlyCount "81"]
[EventDate "2004.10.15"]
[EventType "team-swiss"]
[EventRounds "14"]
[EventCountry "ESP"]
[SourceTitle "CBM 104"]
[Source "ChessBase"]
[SourceDate "2005.01.27"]
[SourceVersion "1"]
[SourceVersionDate "2005.01.27"]
[SourceQuality "1"]
[WhiteTeam "Trinidad and Tobago"]
[BlackTeam "San Marino"]
[WhiteTeamCountry "TRI"]
[BlackTeamCountry "SMR"]

1. d4 Nf6 2. c4 g6 3. Nc3 Bg7 4. e4 d6 5. Bd3 0-0 6. Nge2 e5 7. d5 c6 8. f3 cxd5 9. cxd5 Qb6 10. Na4 Qa5+ 11. Bd2 Qd8 12. Be3 Bd7 13. Nac3 Ne8 14. Qd2 f5 15. 0-0-0 f4 16. Bf2 Na6 17. Bxa6 bxa6 18. Rdg1 Nc7 19. g3 Nb5 20. Nxb5 Bxb5 21. Kb1 Qd7 22. gxf4 Bxe2 23. Qxe2 Rxf4 24. Be3 Rf7 25. h4 Raf8 26. h5 Rf6 27. hxg6 hxg6 28. Rg3 Qf7 29. Qh2 Qb7 30. Qh7+ Kf7 31. Bh6 Rg8 32. Rhg1 Qb6 33. Rxg6 Qxg1+ 34. Rxg1 Rxh6 35. Rxg7+ Rxg7 36. Qxh6 Rg6 37. Qh7+ Rg7 38. Qf5+ Kg8 39. Qe6+ Kh7 40. Qxd6 Rg6 41. Qxe5 1-0